000 00437nam a2200181Ia 4500
005 20250425161349.0
008 250425s9999 xx 000 0 und d
041 _aeng
082 _a621.3192
100 _aCORBEILLER, P. LE
245 0 _aMATRIX ANALYSIS OF ELECTRIC NETWORKS
250 _a1ST ED.
260 _aEstados Unidos
_bJOHN WILEY & SONS
_c1950
260 _aNEW YORK
300 _a112
942 _c01
010 _a18657
999 _c207764
_d207764